000 00692nam a22002295a 4500
001 17516359
003 0
005 20170221124423.0
008 121102s2013 nyu 000 0 eng
010 _a 2012953207
020 _a9781133135104
040 _cSPU
042 _apcc
050 _aTK 7887
_b .A53 2014
100 1 _aAndrews, Jean.
245 1 0 _aLab manual to accompany A+ guide to managing & maintaining your pc /
_cJean Andrews, Joy Dark, Todd Verge; [edited by] Stephen Helba, Nick Lombardi, Marah Bellegarde.
250 _a8th Ed.
260 _aClifton Park, NY :
_bCourse Technology, Cengage Learning,
_c2014.
263 _a1301
300 _ap. cm.
942 _2lcc
_cBK
999 _c48876
_d48876